| 000 | 00598nam a2200205 i 4500 | ||
|---|---|---|---|
| 001 | 128331 | ||
| 003 | ES-MaACL | ||
| 005 | 20230906193233.0 | ||
| 007 | t| | ||
| 008 | 070702s1895 fr ||||1| fre d | ||
| 020 | _a2704806217 | ||
| 080 | _a78 Bruant, Aristide | ||
| 100 | 1 |
_aMarc, Henri. _976347 |
|
| 245 | 1 | 0 |
_aAristide Bruant _b: le maître de la rue / _cHenri Marc. |
| 260 |
_aParis : _bFrance-Empire, _c[1989] |
||
| 300 |
_a172 p. : _bil. ; _c24 cm. |
||
| 500 | _aBiblioteca Jacinto Martínez Lacalle. | ||
| 600 | 1 | 4 |
_aBruant, Aristide. _932053 |
| 852 |
_aES-MaACL _jE-11793 _bR.139795 |
||
| 999 |
_c128331 _d128331 |
||